| 000 | 004950000a22001210004500 | ||
|---|---|---|---|
| 100 | 1 | _aAlcalde, Jorge. | |
| 245 | 1 | 0 | _aLa noche más larga. |
| 300 | _aVol.13, no.155 (2000), p. 28-33 | ||
| 520 | _aHay más gente de la que parece que sufre la agonía de no poder dormir. Existen casi 80 alteraciones que afectan a nuestra capacidad de sueño, pero la mayoría tiene solución. Esto es lo que la ciencia puede hacer. | ||
| 650 | 1 | 4 | _aSALUD MENTAL |
| 773 | 0 | _tRevista muy interesante | |
| 942 | _cANA | ||
| 999 |
_c63155 _d63155 |
||